000 00783nam a2200217Ii 4500
003 JO-AjNU
008 230605s9999||||xx |||||||||||||| ||und||
017 _a2008/3/752
040 _aJO-AjNU
_bara
_erda
_cJO-AjNU
041 _aara
050 1 4 _aHD59.J73.2009
100 3 _aجرادات،عبد الناصر/لبنان هاتف الشامي,
_eauthor
_929136
245 0 0 _aاسس العلاقات العامة بين النظرية والتطبيق
250 _aط العربية
264 3 1 _aعمان:دار اليازوري العلمية للنشر والتوزيع،2009
300 _a235ص
336 _atext
_btxt
_2rdacontent
337 _aunmediated
_bn
_2rdamedia
338 _avolume
_bnc
_2rdacarrier
650 4 _aادارة اعمل-علاقات عامة
_929137
999 _aA11389
_c14957
_d14957